| 000 | 00462nam a22001577a 4500 | ||
|---|---|---|---|
| 020 | _a 9781941720861 | ||
| 041 | _aENG | ||
| 082 |
_a294.5 _bMIS |
||
| 100 | _aMistry, asper | ||
| 245 | _aHinduism : A Comprehensive Overview of the World's Oldest Religion | ||
| 260 |
_aNew York, _bLaren & Keller _c2019 |
||
| 300 |
_a202p.; _b26cm |
||
| 520 | _aHinduism; Hinduism-History; India-Religion | ||
| 650 | _aHinduism; Hinduism-History; India-Religion | ||
| 942 | _cBK | ||
| 999 |
_c23528 _d23528 |
||